Comercio internacional y desarrollo económico
Αποθηκεύτηκε σε:
| Κύριος συγγραφέας: | |
|---|---|
| Μορφή: | Βιβλίο |
| Γλώσσα: | Ισπανικά |
| Έκδοση: |
Madrid
Tecnos
1961
|
| Σειρά: | Ciencias Sociales, 8
|
| Θέματα: | |
| Ετικέτες: |
Προσθήκη ετικέτας
Δεν υπάρχουν, Καταχωρήστε ετικέτα πρώτοι!
|
MARC
| LEADER | 00000nam a2200000 a 4500 | ||
|---|---|---|---|
| 001 | UCS2868 | ||
| 003 | CL-VaPUC | ||
| 008 | 970606e19610000SP |||||||||||||||||spa|d | ||
| 082 | 0 | 4 | |a 382 |b VIN |2 21 |
| 100 | 0 | |a Viner, Jacob |e author |9 388760 | |
| 245 | 1 | 0 | |a Comercio internacional y desarrollo económico |
| 300 | |a 173 p | ||
| 942 | |c BK | ||
| 945 | |d 19970606 00:00:00 |a lriquelm | ||
| 260 | |a Madrid |b Tecnos |c 1961 | ||
| 650 | 7 | |a COMERCIO INTERNACIONAL |2 CL-VaPUC |9 388761 | |
| 650 | 0 | |a Política monetaria |9 258279 | |
| 650 | 0 | |a Política fiscal |9 317354 | |
| 650 | 0 | |a Política económica |9 255029 | |
| 650 | 7 | |a PLANIFICACION ECONOMICA |2 CL-VaPUC |9 321496 | |
| 650 | 7 | |a DESARROLLO ECONOMICA Y SOCIAL |2 CL-VaPUC |9 388762 | |
| 583 | |a last modification |c 19970606 00:00:00 |k Rodrigo Vera | ||
| 490 | 0 | |a Ciencias Sociales, 8 | |
| 999 | |c 260795 |d 260793 | ||
| 952 | |0 0 |1 0 |4 0 |6 382_000000000000000_VIN_1961 |7 0 |8 P |9 287137 |a BIBDER |b BIBDER |d 2019-11-19 |i 1865684 |o 382 VIN 1961 |p 1865684 |r 2023-01-25 |w 2019-11-19 |y BK |k DER | ||
| 952 | |0 0 |1 0 |4 0 |6 382_000000000000000_VIN_1961 |7 0 |8 A |9 287138 |a BIBENE |b BIBENE |d 2019-11-19 |i 1401327 |o 382 VIN 1961 |p 1401327 |r 2025-01-15 |w 2019-11-19 |y BK |k ICO | ||